01217cam a2200301 a 4500001001400000003000800014005001700022006001900039007001500058008004100073020003800114040003000152050002100182082001500203100002600218245007000244260002800314300003900342504005100381520023000432521001700662588004700679650001300726655002900739710001600768776003500784856009600819EDZ0000072004StDuBDS20161031105115.0m||||||||d||||||||cr |||||||||||120412s2005 enk fo| 001|0|eng d a9781446219256 (ebook) :cNo price aStDuBDSbengcStDuBDSepn 0aHM621b.B48 200504a306.012231 aBennett, Andy,d1963-10aCulture and everyday lifeh[electronic resource] /cAndy Bennett. aLondon :bSAGE,cc2005. a1 online resource ([viii], 192 p.) aIncludes bibliographical references and index.8 aThis volume presents an overview of the key theoretical models applied in the study of contemporary cultural practices and their application in everyday settings. It shows how academic thinking about mass culture has evolved. aSpecialized. aDescription based on print version record. 0aCulture. 7aElectronic books.2local2 aSage eBooks08iPrint version :z978076196390540uhttp://ezproxy.alfaisal.edu/login?url=http://sk.sagepub.com/books/culture-and-everyday-life